Statistics for British vs American words #1

Click here to take the quiz!

General Stats

  • This quiz has been taken 545 times
  • The average score is 11 of 14

Answer Stats

AmericanBritish% Correct
FriesChips
98%
CookieBiscuit
97%
ApartmentFlat
95%
ChipsCrisps
94%
EraserRubber
93%
SneakersTrainers
92%
GrayGrey
90%
SidewalkPavement
82%
SweaterJumper
78%
MailPost
78%
EggplantAubergine
72%
LineQueue
68%
Hood (car)Bonnet
63%
Blinkers (car)Indicators
48%

Score Distribution

Percentile by Number Answered

Percent of People with Each Score

Your Score History

You have not taken this quiz